[Event "FRA-ch op-D"]
[Site "Pau"]
[Date "2008.08.16"]
[Round "5"]
[White "Villanove, Jean Francois"]
[Black "Sanchez, Remi"]
[Result "0-1"]
[WhiteElo "1460"]
[BlackElo "1400"]
[PlyCount "92"]
[EventDate "2008.08.11"]
[EventType "swiss"]
[EventRounds "9"]
[EventCountry "FRA"]
[SourceTitle "CBM 126 Extra"]
[Source "ChessBase"]
[SourceDate "2008.11.05"]
[SourceVersion "1"]
[SourceVersionDate "2008.11.05"]
[SourceQuality "1"]

1. g3 d5 2. Bg2 c5 3. Nf3 Nc6 4. e3 e5 5. d3 Nf6 6. 0-0 Bd6 7. c3 Bg4 8. Nbd2 c4 9. h3 Bh5 10. Qc2 cxd3 11. Qb3 Qc7 12. g4 Bg6 13. Nh4 e4 14. Nxg6 hxg6 15. g5 Na5 16. Qd1 Nh5 17. Qg4 b5 18. Nxe4 dxe4 19. Qxe4+ Kd7 20. Qxd3 Rab8 21. e4 Ke7 22. Qd5 Rhd8 23. e5 Bxe5 24. Qf3 Nf4 25. Bxf4 Bxf4 26. Rfe1+ Kf8 27. Re4 Bxg5 28. Rae1 Nc4 29. R1e2 Nd2 30. Rxd2 Rxd2 31. h4 Bf6 32. Qh3 Rbd8 33. h5 Qd7 34. Qh1 Qf5 35. Bf3 Qxe4 36. Qh3 R8d3 37. Qc8+ Qe8 38. Qc5+ Be7 39. Qe5 Rxf3 40. h6 Bf6 41. hxg7+ Bxg7 42. Qc5+ Qe7 43. Qc8+ Rd8 44. Qc6 Rf5 45. Kg2 Rg5+ 46. Kh3 Qe6+ 0-1

[Event "FRA-ch op-D"]
[Site "Pau"]
[Date "2008.08.14"]
[Round "3"]
[White "Sanchez, Remi"]
[Black "Roux, Jean Marie"]
[Result "0-1"]
[WhiteElo "1400"]
[BlackElo "1470"]
[PlyCount "60"]
[EventDate "2008.08.11"]
[EventType "swiss"]
[EventRounds "9"]
[EventCountry "FRA"]
[SourceTitle "CBM 126 Extra"]
[Source "ChessBase"]
[SourceDate "2008.11.05"]
[SourceVersion "1"]
[SourceVersionDate "2008.11.05"]
[SourceQuality "1"]

1. d4 d5 2. c4 Nf6 3. Nc3 Nc6 4. Bg5 Ne4 5. Nxe4 dxe4 6. e3 Bf5 7. Ne2 Qd7 8. Nc3 e6 9. d5 Ne5 10. Nb5 a6 11. Bf4 Bb4+ 12. Nc3 Bg4 13. Qb3 Bxc3+ 14. Qxc3 f6 15. Bxe5 fxe5 16. Qxe5 0-0 17. h3 Bf5 18. g4 Bg6 19. dxe6 Qe7 20. c5 Qh4 21. e7 Qxf2+ 22. Kd1 Rad8+ 23. exd8Q Rxd8+ 24. Qd4 Rxd4+ 25. exd4 e3 26. Bc4+ Kh8 27. Be2 Bd3 28. Re1 Bxe2+ 29. Rxe2 Qf1+ 30. Re1 Qd3+ 0-1